[Event "European Youth Chess Championship B14"]
[Site "Prague, Top Hotel Prague"]
[Date "2012.08.25"]
[Round "9.1"]
[White "Korpa, Bence"]
[Black "Duda, Jan-Krzysztof"]
[Result "1/2-1/2"]
[WhiteElo "2317"]
[BlackElo "2411"]
[PlyCount "0"]
[EventDate "2012.08.17"]

1. e4 {[%clk 1:30:58]} e5 {[%clk 1:30:55]} 2. Nf3 {[%clk 1:31:18]} Nc6
{[%clk 1:31:23]} 3. Bb5 {[%clk 1:31:35]} a6 {[%clk 1:31:48]} 4. Ba4
{[%clk 1:31:53]} Nf6 {[%clk 1:32:11]} 5. O-O {[%clk 1:32:12]} Be7
{[%clk 1:32:33]} 6. d3 {[%clk 1:32:27]} b5 {[%clk 1:32:47]} 7. Bb3
{[%clk 1:32:50]} O-O {[%clk 1:32:45]} 8. a4 {[%clk 1:24:39]} b4 {[%clk 1:29:20]}
9. Bd5 {[%clk 1:17:35]} Bd6 {[%clk 1:18:50]} 10. Bxc6 {[%clk 1:13:29]} dxc6
{[%clk 1:19:16]} 11. h3 {[%clk 1:13:33]} Nd7 {[%clk 1:14:25]} 12. Nbd2
{[%clk 1:12:34]} c5 {[%clk 1:13:14]} 13. Nc4 {[%clk 1:12:02]} Re8
{[%clk 1:12:59]} 14. a5 {[%clk 0:53:49]} Nb8 {[%clk 1:10:02]} 15. c3
{[%clk 0:52:12]} bxc3 {[%clk 1:07:43]} 16. bxc3 {[%clk 0:52:29]} Nc6
{[%clk 1:07:50]} 17. Be3 {[%clk 0:51:36]} Rb8 {[%clk 1:06:35]} 18. Ne1
{[%clk 0:42:11]} Be6 {[%clk 1:06:04]} 19. Nc2 {[%clk 0:42:09]} Qd7
{[%clk 1:03:34]} 20. Qe2 {[%clk 0:37:31]} Rb3 {[%clk 0:55:54]} 21. Bd2
{[%clk 0:29:17]} Reb8 {[%clk 0:53:50]} 22. N2a3 {[%clk 0:28:26]} Bf8
{[%clk 0:49:30]} 23. Rfd1 {[%clk 0:27:36]} f6 {[%clk 0:49:08]} 24. Be1
{[%clk 0:24:46]} Ne7 {[%clk 0:48:27]} 25. Qc2 {[%clk 0:20:15]} Ng6
{[%clk 0:47:12]} 26. f3 {[%clk 0:19:23]} Nf4 {[%clk 0:45:41]} 27. h4
{[%clk 0:16:45]} Qf7 {[%clk 0:42:34]} 28. Rdb1 {[%clk 0:13:57]} Rxb1
{[%clk 0:40:10]} 29. Rxb1 {[%clk 0:14:18]} Rd8 {[%clk 0:35:48]} 30. Rd1
{[%clk 0:12:59]} Be7 {[%clk 0:33:30]} 31. Bf2 {[%clk 0:06:58]} Bh3
{[%clk 0:29:31]} 32. Ne3 {[%clk 0:03:00]} Bd7 {[%clk 0:24:47]} 33. Nac4
{[%clk 0:02:02]} Bb5 {[%clk 0:24:40]} 34. g3 {[%clk 0:01:56]} Nxd3
{[%clk 0:20:22]} 35. Rxd3 {[%clk 0:02:22]} Bxc4 {[%clk 0:20:44]} 36. Rxd8+
{[%clk 0:02:21]} Bxd8 {[%clk 0:21:12]} 37. Qd2 {[%clk 0:01:21]} Be7
{[%clk 0:21:31]} 38. Qd7 {[%clk 0:01:41]} Bf8 {[%clk 0:16:38]} 39. Qd8
{[%clk 0:01:28]} Bb5 {[%clk 0:13:09]} 40. Nd5 {[%clk 0:31:08]} Qd7
{[%clk 0:42:22]} 41. Qxd7 {[%clk 0:23:10]} Bxd7 {[%clk 0:42:23]} 42. Nxc7
{[%clk 0:23:19]} Bc8 {[%clk 0:42:51]} 43. c4 {[%clk 0:23:32]} Kf7
{[%clk 0:42:36]} 44. Kf1 {[%clk 0:22:50]} Bb7 {[%clk 0:42:21]} 45. Ke2
{[%clk 0:22:20]} Bd6 {[%clk 0:42:19]} 46. Nd5 {[%clk 0:22:30]} Ke6
{[%clk 0:42:36]} 47. Kd3 {[%clk 0:20:53]} g6 {[%clk 0:41:07]} 48. Be3
{[%clk 0:16:56]} 1/2-1/2

[Event "European Youth Chess Championship B14"]
[Site "Prague, Top Hotel Prague"]
[Date "2012.08.25"]
[Round "9.2"]
[White "Sibashvili, Giorgi"]
[Black "Petrosyan, Manuel"]
[Result "1/2-1/2"]
[WhiteElo "2073"]
[BlackElo "2286"]
[PlyCount "0"]
[EventDate "2012.08.17"]

1. d4 {[%clk 1:30:57]} d5 {[%clk 1:30:44]} 2. c4 {[%clk 1:31:21]} Nc6
{[%clk 1:31:01]} 3. Nc3 {[%clk 1:25:01]} dxc4 {[%clk 1:25:47]} 4. d5
{[%clk 1:21:37]} Na5 {[%clk 1:25:38]} 5. Qa4+ {[%clk 1:15:35]} c6
{[%clk 1:26:07]} 6. b4 {[%clk 1:14:12]} b5 {[%clk 1:26:31]} 7. Qxa5
{[%clk 1:10:46]} Qxa5 {[%clk 1:26:59]} 8. bxa5 {[%clk 1:11:14]} b4
{[%clk 1:27:21]} 9. dxc6 {[%clk 0:51:22]} bxc3 {[%clk 1:25:45]} 10. g3
{[%clk 0:51:20]} Rb8 {[%clk 1:23:44]} 11. Bg2 {[%clk 0:47:53]} Rb5
{[%clk 1:15:46]} 12. Ba3 {[%clk 0:31:39]} Nf6 {[%clk 0:41:16]} 13. Nf3
{[%clk 0:14:48]} e5 {[%clk 0:30:44]} 14. Bxf8 {[%clk 0:14:44]} Rxf8
{[%clk 0:30:51]} 15. O-O {[%clk 0:14:11]} Ke7 {[%clk 0:28:44]} 16. Rfc1
{[%clk 0:13:46]} Rc5 {[%clk 0:24:07]} 17. Rxc3 {[%clk 0:13:11]} Rd8
{[%clk 0:23:21]} 18. Rac1 {[%clk 0:10:59]} Ba6 {[%clk 0:23:02]} 19. R3c2
{[%clk 0:07:58]} e4 {[%clk 0:10:22]} 20. Nd2 {[%clk 0:07:16]} Rxc6
{[%clk 0:10:10]} 21. Nxe4 {[%clk 0:06:22]} Nxe4 {[%clk 0:10:08]} 22. Bxe4 Rc5
{[%clk 0:09:32]} 23. Kf1 {[%clk 0:05:00]} Rxa5 {[%clk 0:09:47]} 24. Ke1
{[%clk 0:05:15]} g6 {[%clk 0:07:41]} 25. Rd1 {[%clk 0:04:27]} Rxd1+
{[%clk 0:07:52]} 26. Kxd1 {[%clk 0:04:56]} Kd6 {[%clk 0:04:35]} 27. Kd2
{[%clk 0:04:50]} Ra3 {[%clk 0:04:41]} 28. e3 {[%clk 0:03:27]} Kc5
{[%clk 0:04:47]} 29. h4 {[%clk 0:02:20]} Bb5 {[%clk 0:04:54]} 30. Kc1
{[%clk 0:01:55]} c3 {[%clk 0:05:08]} 31. g4 {[%clk 0:01:42]} Ba4 {[%clk 0:02:12]}
32. Re2 {[%clk 0:02:02]} Bb5 {[%clk 0:02:37]} 33. Rc2 {[%clk 0:02:26]} Ba4
{[%clk 0:02:25]} 34. Re2 {[%clk 0:02:55]} Bb5 {[%clk 0:02:30]} 35. Rc2
{[%clk 0:03:17]} Ba4 {[%clk 0:02:12]} 36. Re2 {[%clk 0:03:38]} Bb5
{[%clk 0:01:19]} 1/2-1/2

[Event "European Youth Chess Championship B14"]
[Site "Prague, Top Hotel Prague"]
[Date "2012.08.25"]
[Round "9.3"]
[White "Vavulin, Maksim"]
[Black "Minko, Vladimir"]
[Result "1-0"]
[WhiteElo "2292"]
[BlackElo "2257"]
[PlyCount "0"]
[EventDate "2012.08.17"]

1. e4 {[%clk 1:30:59]} c5 {[%clk 1:30:55]} 2. d3 {[%clk 1:31:25]} Nc6
{[%clk 1:29:49]} 3. g3 {[%clk 1:31:49]} g6 {[%clk 1:30:00]} 4. Bg2
{[%clk 1:32:13]} Bg7 {[%clk 1:30:24]} 5. f4 {[%clk 1:32:38]} d6 {[%clk 1:29:21]}
6. Nf3 {[%clk 1:33:01]} e6 {[%clk 1:29:29]} 7. O-O {[%clk 1:33:22]} Nge7
{[%clk 1:29:45]} 8. c3 {[%clk 1:33:02]} O-O {[%clk 1:27:01]} 9. Be3
{[%clk 1:33:12]} Rb8 {[%clk 1:23:38]} 10. Nbd2 {[%clk 1:15:39]} b6
{[%clk 1:14:55]} 11. Bf2 {[%clk 1:12:53]} f5 {[%clk 1:07:03]} 12. Re1
{[%clk 1:11:03]} e5 {[%clk 1:01:39]} 13. Qb3+ {[%clk 0:56:07]} d5
{[%clk 0:52:33]} 14. exd5 {[%clk 0:42:01]} Na5 {[%clk 0:52:49]} 15. Qc2
{[%clk 0:41:57]} exf4 {[%clk 0:44:40]} 16. c4 {[%clk 0:41:35]} fxg3
{[%clk 0:40:40]} 17. hxg3 {[%clk 0:39:39]} f4 {[%clk 0:37:15]} 18. gxf4
{[%clk 0:39:16]} Nf5 {[%clk 0:36:44]} 19. Ne4 {[%clk 0:38:26]} Qc7
{[%clk 0:34:58]} 20. Qd2 {[%clk 0:37:51]} Nb7 {[%clk 0:29:09]} 21. Rab1
{[%clk 0:37:07]} Nd4 {[%clk 0:23:15]} 22. Nxd4 {[%clk 0:33:39]} cxd4
{[%clk 0:23:28]} 23. b4 {[%clk 0:29:23]} Bh6 {[%clk 0:14:54]} 24. Bxd4
{[%clk 0:25:15]} Bxf4 {[%clk 0:12:51]} 25. Qe2 {[%clk 0:22:08]} Qd8
{[%clk 0:12:07]} 26. Bf3 {[%clk 0:18:36]} Nd6 {[%clk 0:07:25]} 27. Nxd6
{[%clk 0:09:50]} Bxd6 {[%clk 0:07:54]} 28. Qg2 {[%clk 0:08:05]} Bf5
{[%clk 0:04:00]} 29. c5 {[%clk 0:07:54]} bxc5 {[%clk 0:02:02]} 30. bxc5
{[%clk 0:08:20]} Rxb1 {[%clk 0:01:29]} 31. Rxb1 {[%clk 0:08:49]} Bxd3
{[%clk 0:01:05]} 32. Rd1 {[%clk 0:08:38]} Bc2 {[%clk 0:01:19]} 33. Rd2
{[%clk 0:08:49]} Rxf3 {[%clk 0:00:51]} 34. Qxf3 {[%clk 0:09:11]} Qh4
{[%clk 0:00:48]} 35. Qe3 {[%clk 0:07:03]} Qg4+ {[%clk 0:00:38]} 36. Rg2
{[%clk 0:07:20]} Qd1+ {[%clk 0:00:39]} 37. Kf2 {[%clk 0:07:44]} Be7
{[%clk 0:00:36]} 38. Kg3 {[%clk 0:04:02]} Bf5 {[%clk 0:00:39]} 39. d6
{[%clk 0:02:31]} Qg4+ {[%clk 0:00:40]} 40. Kf2 {[%clk 0:32:49]} Bh4+
{[%clk 0:30:38]} 41. Kg1 {[%clk 0:33:04]} Qd1+ {[%clk 0:18:41]} 42. Kh2
{[%clk 0:33:33]} Bd7 {[%clk 0:16:57]} 43. Qe5 {[%clk 0:32:32]} Bg3+
{[%clk 0:16:36]} 44. Kxg3 {[%clk 0:32:38]} 1-0

[Event "European Youth Chess Championship B14"]
[Site "Prague, Top Hotel Prague"]
[Date "2012.08.25"]
[Round "9.4"]
[White "Paravyan, David"]
[Black "Huber, Martin Christian"]
[Result "1-0"]
[WhiteElo "2271"]
[BlackElo "2185"]
[PlyCount "0"]
[EventDate "2012.08.17"]

1. c4 {[%clk 1:30:58]} g6 {[%clk 1:30:47]} 2. Nc3 {[%clk 1:30:51]} c5
{[%clk 1:29:03]} 3. e3 {[%clk 1:28:47]} Bg7 {[%clk 1:26:25]} 4. d4
{[%clk 1:29:07]} cxd4 {[%clk 1:24:31]} 5. exd4 {[%clk 1:29:32]} Nf6
{[%clk 1:23:46]} 6. d5 {[%clk 1:29:17]} d6 {[%clk 1:21:05]} 7. Be2
{[%clk 1:26:27]} O-O {[%clk 1:17:07]} 8. Nf3 {[%clk 1:26:33]} Bg4
{[%clk 1:06:10]} 9. Be3 {[%clk 1:24:56]} Nbd7 {[%clk 1:04:56]} 10. Rc1
{[%clk 1:25:11]} a6 {[%clk 1:03:02]} 11. O-O {[%clk 1:24:22]} Qa5
{[%clk 0:55:57]} 12. Nd4 {[%clk 1:14:14]} Bxe2 {[%clk 0:56:01]} 13. Qxe2
{[%clk 1:14:13]} Rfc8 {[%clk 0:51:06]} 14. b3 {[%clk 1:13:32]} Qd8
{[%clk 0:42:43]} 15. Bg5 {[%clk 1:04:48]} Rc7 {[%clk 0:39:50]} 16. Rfe1
{[%clk 1:04:01]} Nb6 {[%clk 0:37:45]} 17. Qd2 {[%clk 1:01:38]} Rac8
{[%clk 0:35:37]} 18. Rcd1 {[%clk 1:01:52]} Nbd7 {[%clk 0:34:14]} 19. Re2
{[%clk 0:59:07]} Ne5 {[%clk 0:29:07]} 20. Ne4 {[%clk 0:52:04]} Ned7
{[%clk 0:24:46]} 21. Rde1 {[%clk 0:50:35]} Qf8 {[%clk 0:21:42]} 22. h3
{[%clk 0:46:18]} h6 {[%clk 0:20:04]} 23. Bh4 {[%clk 0:46:31]} Nxe4
{[%clk 0:16:43]} 24. Rxe4 {[%clk 0:46:52]} Bf6 {[%clk 0:16:47]} 25. Bxf6
{[%clk 0:46:42]} Nxf6 {[%clk 0:17:00]} 26. R4e2 {[%clk 0:43:41]} Kh7
{[%clk 0:16:55]} 27. a4 {[%clk 0:36:51]} Ng8 {[%clk 0:15:46]} 28. h4
{[%clk 0:33:53]} h5 {[%clk 0:10:40]} 29. Nf3 {[%clk 0:33:38]} Qg7
{[%clk 0:08:47]} 30. Ng5+ {[%clk 0:32:25]} Kh8 {[%clk 0:09:13]} 31. Qf4
{[%clk 0:31:57]} Rf8 {[%clk 0:08:05]} 32. a5 {[%clk 0:27:54]} Rcc8
{[%clk 0:05:10]} 33. g3 {[%clk 0:22:48]} Rc7 {[%clk 0:04:39]} 34. Kg2
{[%clk 0:23:09]} Rd7 {[%clk 0:04:14]} 35. b4 {[%clk 0:14:10]} Qf6
{[%clk 0:03:09]} 36. Qxf6+ {[%clk 0:13:54]} exf6 {[%clk 0:03:34]} 37. Nf3
{[%clk 0:12:22]} Rc8 {[%clk 0:03:46]} 38. Nd2 {[%clk 0:10:22]} Rdd8
{[%clk 0:03:08]} 39. Rb1 {[%clk 0:03:06]} f5 {[%clk 0:03:15]} 40. b5
{[%clk 0:31:30]} axb5 {[%clk 0:32:28]} 41. cxb5 {[%clk 0:30:50]} Rc2
{[%clk 0:21:23]} 42. Kf1 {[%clk 0:23:27]} Nf6 {[%clk 0:17:52]} 43. Nf3
{[%clk 0:12:18]} Rxe2 {[%clk 0:13:20]} 44. Kxe2 {[%clk 0:12:43]} Nxd5
{[%clk 0:13:28]} 45. Kd3 {[%clk 0:11:30]} Ra8 {[%clk 0:09:47]} 46. Kc4
{[%clk 0:09:28]} Nc7 {[%clk 0:09:10]} 47. a6 {[%clk 0:07:25]} bxa6
{[%clk 0:03:46]} 48. b6 {[%clk 0:07:49]} d5+ {[%clk 0:01:20]} 49. Kc5
{[%clk 0:08:00]} Ne6+ {[%clk 0:00:38]} 50. Kxd5 {[%clk 0:06:03]} Nd8
{[%clk 0:00:54]} 51. Kd6 {[%clk 0:06:05]} a5 {[%clk 0:00:49]} 52. Kc7
{[%clk 0:01:52]} a4 {[%clk 0:01:03]} 53. b7 {[%clk 0:01:35]} Nxb7
{[%clk 0:01:28]} 54. Kxb7 {[%clk 0:01:58]} Rd8 {[%clk 0:01:19]} 55. Rb2
{[%clk 0:00:51]} a3 {[%clk 0:00:58]} 56. Ra2 {[%clk 0:00:59]} Rd3
{[%clk 0:01:11]} 57. Ne5 {[%clk 0:01:02]} Rb3+ {[%clk 0:01:38]} 58. Kc6
{[%clk 0:01:22]} Rb2 {[%clk 0:01:02]} 59. Rxa3 {[%clk 0:01:46]} Rxf2
{[%clk 0:01:26]} 60. Nxf7+ {[%clk 0:01:03]} Kg7 {[%clk 0:01:50]} 61. Ng5
{[%clk 0:01:11]} Kf6 {[%clk 0:01:41]} 62. Kd5 {[%clk 0:00:38]} Rd2+
{[%clk 0:01:41]} 63. Kc4 {[%clk 0:00:59]} Rd6 {[%clk 0:01:36]} 64. Kc5
{[%clk 0:00:42]} Rd7 {[%clk 0:01:30]} 65. Ra6+ {[%clk 0:00:57]} Kg7
{[%clk 0:01:56]} 66. Ne6+ {[%clk 0:00:54]} Kf7 {[%clk 0:01:46]} 67. Nf4
{[%clk 0:01:08]} Rc7+ {[%clk 0:01:33]} 68. Kd4 {[%clk 0:01:17]} Rb7
{[%clk 0:01:28]} 69. Ke3 {[%clk 0:01:00]} Rb3+ {[%clk 0:01:36]} 70. Kf2
{[%clk 0:01:21]} Rb2+ {[%clk 0:02:01]} 71. Kg1 {[%clk 0:01:48]} Rb1+
{[%clk 0:01:59]} 72. Kh2 {[%clk 0:02:11]} Rb2+ {[%clk 0:02:25]} 73. Kh3
{[%clk 0:02:39]} Rb4 {[%clk 0:02:43]} 74. Nxg6 {[%clk 0:03:00]} 1-0

[Event "European Youth Chess Championship B14"]
[Site "Prague, Top Hotel Prague"]
[Date "2012.08.25"]
[Round "9.5"]
[White "Kozionov, Kirill"]
[Black "Sadikhov, Ulvi"]
[Result "1/2-1/2"]
[WhiteElo "2257"]
[BlackElo "2171"]
[PlyCount "0"]
[EventDate "2012.08.17"]

1. e4 {[%clk 1:30:55]} c5 {[%clk 1:30:55]} 2. Nf3 {[%clk 1:31:16]} d6
{[%clk 1:31:18]} 3. d4 {[%clk 1:31:24]} cxd4 {[%clk 1:31:42]} 4. Nxd4
{[%clk 1:31:50]} Nf6 {[%clk 1:32:04]} 5. Nc3 {[%clk 1:32:16]} a6 {[%clk 1:32:29]}
6. Bg5 {[%clk 1:32:06]} Nbd7 {[%clk 1:32:19]} 7. f4 {[%clk 1:32:17]} h6
{[%clk 1:32:23]} 8. Bh4 {[%clk 1:25:58]} Qc7 {[%clk 1:32:15]} 9. Qf3
{[%clk 1:24:52]} g5 {[%clk 1:29:43]} 10. fxg5 {[%clk 1:22:38]} hxg5
{[%clk 1:28:27]} 11. Bxg5 {[%clk 1:18:15]} Qc5 {[%clk 1:28:31]} 12. Be3
{[%clk 1:01:10]} Ne5 {[%clk 1:28:49]} 13. Qe2 {[%clk 0:57:14]} Nfg4
{[%clk 1:25:28]} 14. Bg1 {[%clk 0:51:21]} Bh6 {[%clk 1:16:04]} 15. Nd5
{[%clk 0:45:23]} Qa5+ {[%clk 0:54:15]} 16. c3 {[%clk 0:44:25]} Bd7
{[%clk 0:42:21]} 17. Nb3 {[%clk 0:23:12]} Qd8 {[%clk 0:41:49]} 18. Bb6
{[%clk 0:22:55]} Qc8 {[%clk 0:41:23]} 19. Nd4 {[%clk 0:17:31]} Kf8
{[%clk 0:39:36]} 20. g3 {[%clk 0:14:28]} Bg5 {[%clk 0:28:49]} 21. h4
{[%clk 0:11:21]} Bh6 {[%clk 0:27:32]} 22. Ba5 {[%clk 0:06:27]} Qe8
{[%clk 0:18:06]} 23. Nc7 {[%clk 0:06:16]} Qc8 {[%clk 0:18:19]} 24. Nxa8
{[%clk 0:06:27]} Qxa8 {[%clk 0:18:48]} 25. c4 {[%clk 0:03:47]} Ne3
{[%clk 0:17:26]} 26. Bh3 {[%clk 0:03:21]} Bxh3 {[%clk 0:16:02]} 27. Rxh3
{[%clk 0:03:50]} b6 {[%clk 0:16:12]} 28. Bd2 {[%clk 0:02:14]} Qxe4
{[%clk 0:15:07]} 29. Bxe3 {[%clk 0:02:39]} Bxe3 {[%clk 0:15:22]} 30. Nc2
{[%clk 0:01:07]} Ng4 31. Rd1 {[%clk 0:00:49]} Rh6 {[%clk 0:02:53]} 32. Rd4
{[%clk 0:00:34]} Bf2+ {[%clk 0:02:56]} 33. Kf1 {[%clk 0:00:38]} Qxe2+
{[%clk 0:02:44]} 34. Kxe2 {[%clk 0:01:07]} Re6+ {[%clk 0:01:54]} 35. Kf3
{[%clk 0:00:49]} Bxd4 {[%clk 0:02:05]} 36. Nxd4 {[%clk 0:01:09]} Ne5+
{[%clk 0:02:29]} 37. Ke2 {[%clk 0:01:10]} Rf6 {[%clk 0:02:32]} 38. b3
{[%clk 0:01:07]} Ng4 {[%clk 0:02:45]} 39. h5 {[%clk 0:00:51]} Kg7
{[%clk 0:00:57]} 40. Rh4 {[%clk 0:31:00]} Ne5 {[%clk 0:30:34]} 41. Rf4
{[%clk 0:23:12]} e6 {[%clk 0:23:32]} 42. Ke3 {[%clk 0:19:28]} Rxf4
{[%clk 0:22:22]} 43. Kxf4 {[%clk 0:18:59]} Kh6 {[%clk 0:21:53]} 44. g4
{[%clk 0:18:32]} Nd3+ {[%clk 0:21:41]} 45. Ke3 {[%clk 0:18:15]} Ne5
{[%clk 0:21:54]} 1/2-1/2

[Event "European Youth Chess Championship B14"]
[Site "Prague, Top Hotel Prague"]
[Date "2012.08.25"]
[Round "9.6"]
[White "Artemiev, Vladislav"]
[Black "Savenkov, Konstantin"]
[Result "1-0"]
[WhiteElo "2476"]
[BlackElo "2162"]
[PlyCount "0"]
[EventDate "2012.08.17"]

1. c4 {[%clk 1:30:58]} Nf6 {[%clk 1:30:48]} 2. Nf3 {[%clk 1:31:15]} e6
{[%clk 1:31:13]} 3. g3 {[%clk 1:31:29]} b6 {[%clk 1:31:38]} 4. Bg2
{[%clk 1:31:47]} Bb7 {[%clk 1:32:02]} 5. O-O {[%clk 1:32:10]} Be7
{[%clk 1:32:07]} 6. Nc3 {[%clk 1:32:17]} O-O {[%clk 1:32:00]} 7. Re1
{[%clk 1:31:47]} d5 {[%clk 1:31:48]} 8. cxd5 {[%clk 1:31:59]} exd5
{[%clk 1:31:56]} 9. d4 {[%clk 1:32:24]} c5 {[%clk 1:25:29]} 10. Bf4
{[%clk 1:31:13]} Nc6 {[%clk 1:17:31]} 11. dxc5 {[%clk 1:30:43]} bxc5
{[%clk 1:14:53]} 12. Rc1 {[%clk 1:26:50]} Nb4 {[%clk 0:53:10]} 13. Ne5
{[%clk 1:23:11]} Rb8 {[%clk 0:45:17]} 14. a3 {[%clk 1:21:48]} d4 {[%clk 0:40:59]}
15. axb4 {[%clk 1:20:40]} dxc3 {[%clk 0:39:58]} 16. Qxd8 {[%clk 1:18:56]} Rfxd8
{[%clk 0:38:48]} 17. Rxc3 {[%clk 1:13:25]} cxb4 {[%clk 0:34:21]} 18. Rc7
{[%clk 1:13:22]} Bxg2 {[%clk 0:34:44]} 19. Kxg2 {[%clk 1:09:58]} Bd6
{[%clk 0:34:37]} 20. Rxa7 {[%clk 1:10:21]} g5 {[%clk 0:34:23]} 21. Nxf7
{[%clk 1:10:46]} gxf4 {[%clk 0:34:45]} 22. Nxd8 {[%clk 1:11:12]} Rxd8
{[%clk 0:34:42]} 23. Rd1 {[%clk 1:11:40]} fxg3 {[%clk 0:34:22]} 24. hxg3
{[%clk 1:11:48]} Kf8 {[%clk 0:33:48]} 25. f4 {[%clk 0:59:08]} Ke8
{[%clk 0:34:03]} 26. Kf3 {[%clk 0:56:39]} Bc5 {[%clk 0:33:50]} 27. Rxd8+
{[%clk 0:56:23]} Kxd8 {[%clk 0:32:19]} 28. Ra6 {[%clk 0:52:52]} Ke7
{[%clk 0:27:40]} 29. g4 {[%clk 0:47:59]} Bd4 {[%clk 0:27:07]} 30. Ra4
{[%clk 0:47:27]} Bxb2 {[%clk 0:26:24]} 31. Rxb4 {[%clk 0:47:54]} Bc1
{[%clk 0:26:38]} 32. e4 {[%clk 0:47:25]} Kf7 {[%clk 0:26:40]} 33. Rb7+
{[%clk 0:47:01]} Kg8 {[%clk 0:24:52]} 34. e5 {[%clk 0:32:34]} Nd5
{[%clk 0:24:38]} 35. f5 {[%clk 0:32:13]} Bg5 {[%clk 0:25:01]} 36. Ke4
{[%clk 0:31:06]} Nc3+ {[%clk 0:22:07]} 37. Kd4 {[%clk 0:30:02]} Ne2+
{[%clk 0:22:32]} 38. Kd3 {[%clk 0:30:04]} Nf4+ {[%clk 0:21:01]} 39. Ke4
{[%clk 0:30:02]} h5 {[%clk 0:18:32]} 40. f6 {[%clk 0:59:15]} hxg4
{[%clk 0:48:50]} 41. Rg7+ 1-0

[Event "European Youth Chess Championship B14"]
[Site "Prague, Top Hotel Prague"]
[Date "2012.08.25"]
[Round "9.7"]
[White "Sanal, Vahap"]
[Black "Tarasov, Alexandr"]
[Result "1-0"]
[WhiteElo "2387"]
[BlackElo "2124"]
[PlyCount "0"]
[EventDate "2012.08.17"]

1. e4 {[%clk 1:30:39]} c6 {[%clk 1:30:52]} 2. d4 {[%clk 1:30:33]} d5
{[%clk 1:31:13]} 3. e5 {[%clk 1:30:31]} c5 {[%clk 1:31:18]} 4. dxc5
{[%clk 1:30:47]} e6 {[%clk 1:31:37]} 5. Be3 {[%clk 1:30:57]} Ne7 {[%clk 1:30:55]}
6. Bd3 {[%clk 1:27:35]} Nd7 {[%clk 1:27:13]} 7. f4 {[%clk 1:24:42]} Nc6
{[%clk 1:24:12]} 8. c3 {[%clk 1:17:13]} Bxc5 {[%clk 1:17:18]} 9. Bxc5
{[%clk 1:14:43]} Nxc5 {[%clk 1:17:41]} 10. Bc2 {[%clk 1:14:23]} Qb6
{[%clk 1:00:57]} 11. b4 {[%clk 1:02:43]} Nd7 {[%clk 0:58:13]} 12. Ne2
{[%clk 1:02:47]} g5 {[%clk 0:41:07]} 13. g3 {[%clk 0:42:56]} h5 {[%clk 0:32:10]}
14. Qd3 {[%clk 0:38:31]} h4 {[%clk 0:21:04]} 15. Rf1 {[%clk 0:37:42]} hxg3
{[%clk 0:18:56]} 16. hxg3 {[%clk 0:37:55]} g4 {[%clk 0:13:08]} 17. a4
{[%clk 0:37:24]} Qc7 {[%clk 0:06:13]} 18. a5 {[%clk 0:36:27]} a6 {[%clk 0:05:10]}
19. Nd2 {[%clk 0:35:34]} b6 {[%clk 0:04:27]} 20. Nb3 {[%clk 0:34:48]} Bb7
{[%clk 0:03:47]} 21. axb6 {[%clk 0:30:57]} Qxb6 {[%clk 0:03:57]} 22. Na5
{[%clk 0:29:31]} Rh2 {[%clk 0:00:59]} 23. Ba4 {[%clk 0:23:49]} Nxa5
{[%clk 0:00:43]} 24. Bxd7+ {[%clk 0:22:07]} Kxd7 {[%clk 0:01:12]} 25. Rxa5
{[%clk 0:22:34]} Rah8 {[%clk 0:00:41]} 26. Nd4 {[%clk 0:16:19]} Rh1
{[%clk 0:00:56]} 27. Rc5 {[%clk 0:15:13]} Qd8 {[%clk 0:00:41]} 28. Nb5
{[%clk 0:10:10]} Rxf1+ {[%clk 0:00:45]} 29. Qxf1 {[%clk 0:10:14]} Qb6
{[%clk 0:00:41]} 30. Nd4 {[%clk 0:09:37]} Qd8 {[%clk 0:00:45]} 31. Nb5
{[%clk 0:07:08]} d4 {[%clk 0:00:41]} 32. Qc4 {[%clk 0:05:31]} Rh1+
{[%clk 0:00:55]} 33. Kd2 {[%clk 0:05:56]} dxc3+ {[%clk 0:00:44]} 34. Ke3
{[%clk 0:05:47]} Qb6 {[%clk 0:00:40]} 35. Qd4+ {[%clk 0:06:10]} Ke7
{[%clk 0:00:36]} 36. Rc7+ 1-0

[Event "European Youth Chess Championship B14"]
[Site "Prague, Top Hotel Prague"]
[Date "2012.08.25"]
[Round "9.8"]
[White "Ali Marandi, Cemil Can"]
[Black "Bakhmatsky, Vladislav"]
[Result "1-0"]
[WhiteElo "2362"]
[BlackElo "2101"]
[PlyCount "0"]
[EventDate "2012.08.17"]
1. e4 {[%clk 1:30:53]} c5 {[%clk 1:30:57]} 2. c3 {[%clk 1:31:15]} Nf6
{[%clk 1:31:24]} 3. e5 {[%clk 1:31:35]} Nd5 {[%clk 1:31:50]} 4. Nf3
{[%clk 1:31:43]} Nc6 {[%clk 1:31:18]} 5. Bc4 {[%clk 1:31:58]} e6 {[%clk 1:30:42]}
6. d4 {[%clk 1:32:07]} cxd4 {[%clk 1:30:49]} 7. cxd4 {[%clk 1:32:34]} d6
{[%clk 1:31:14]} 8. O-O {[%clk 1:32:33]} Be7 {[%clk 1:31:40]} 9. a3
{[%clk 1:32:30]} Qc7 {[%clk 1:28:41]} 10. Re1 {[%clk 1:31:05]} O-O
{[%clk 1:26:45]} 11. Bd2 {[%clk 1:25:49]} Rd8 {[%clk 1:16:01]} 12. exd6
{[%clk 1:15:40]} Qxd6 {[%clk 1:10:02]} 13. Nc3 {[%clk 1:12:25]} Nf6
{[%clk 0:57:40]} 14. Nb5 {[%clk 1:01:38]} Qd7 {[%clk 0:54:33]} 15. Be3
{[%clk 0:52:12]} a6 {[%clk 0:47:37]} 16. Nc3 {[%clk 0:51:58]} b5 {[%clk 0:47:44]}
17. Bb3 {[%clk 0:49:37]} Bb7 {[%clk 0:46:16]} 18. Qe2 {[%clk 0:48:38]} Na5
{[%clk 0:33:29]} 19. Ne5 {[%clk 0:45:22]} Qe8 {[%clk 0:33:07]} 20. Ba2
{[%clk 0:42:13]} Nd5 {[%clk 0:26:17]} 21. Bd2 {[%clk 0:39:27]} Nc7
{[%clk 0:16:58]} 22. d5 {[%clk 0:25:46]} Nc4 {[%clk 0:12:42]} 23. Nxc4
{[%clk 0:24:01]} bxc4 {[%clk 0:12:44]} 24. Bxc4 {[%clk 0:23:16]} Nxd5
{[%clk 0:10:46]} 25. Rac1 {[%clk 0:18:37]} Nxc3 {[%clk 0:07:51]} 26. Bxc3
{[%clk 0:19:01]} Rac8 {[%clk 0:07:19]} 27. Bxa6 {[%clk 0:18:44]} Bxa6
{[%clk 0:07:03]} 28. Qxa6 {[%clk 0:19:12]} Rd6 {[%clk 0:06:29]} 29. Qe2
{[%clk 0:18:02]} Rd5 {[%clk 0:06:10]} 30. Qg4 {[%clk 0:15:37]} Rg5
{[%clk 0:05:59]} 31. Qe4 {[%clk 0:15:39]} h6 {[%clk 0:05:12]} 32. Be5
{[%clk 0:14:07]} Rd8 {[%clk 0:03:55]} 33. Red1 {[%clk 0:13:08]} Rxd1+
{[%clk 0:03:19]} 34. Rxd1 {[%clk 0:13:37]} Qb5 {[%clk 0:03:44]} 35. Re1
{[%clk 0:10:24]} Bf6 {[%clk 0:02:16]} 36. Bxf6 {[%clk 0:04:29]} gxf6
{[%clk 0:02:45]} 37. h4 {[%clk 0:04:13]} Re5 {[%clk 0:02:31]} 38. Qg4+
{[%clk 0:04:31]} Kh7 {[%clk 0:02:36]} 39. Rxe5 {[%clk 0:04:52]} Qxe5
{[%clk 0:02:46]} 40. Qb4 {[%clk 0:34:46]} f5 {[%clk 0:32:07]} 41. a4
{[%clk 0:33:41]} Qc7 {[%clk 0:31:11]} 42. a5 {[%clk 0:26:02]} Qc1+
{[%clk 0:31:13]} 43. Kh2 {[%clk 0:26:30]} Qc7+ {[%clk 0:31:15]} 44. g3
{[%clk 0:24:56]} Qc2 {[%clk 0:31:22]} 45. Qb6 {[%clk 0:18:15]} f4
{[%clk 0:28:21]} 46. gxf4 {[%clk 0:12:16]} Qd2 {[%clk 0:25:04]} 47. Kg3
{[%clk 0:10:34]} Qd1 {[%clk 0:20:43]} 48. Qe3 {[%clk 0:09:40]} f5
{[%clk 0:16:36]} 49. Qf3 {[%clk 0:05:19]} Qg1+ {[%clk 0:14:38]} 50. Kh3
{[%clk 0:05:47]} Qf1+ {[%clk 0:15:02]} 51. Kh2 {[%clk 0:06:14]} Qb5
{[%clk 0:15:27]} 52. Qc3 {[%clk 0:05:15]} Kg6 {[%clk 0:14:55]} 53. b4
{[%clk 0:05:21]} Kh5 {[%clk 0:14:22]} 54. Qf3+ {[%clk 0:04:20]} Kg6
{[%clk 0:14:51]} 55. h5+ {[%clk 0:04:50]} Kh7 {[%clk 0:15:05]} 56. Qg3
{[%clk 0:04:45]} 1-0